Oxford Wordpower Dictionary : Qāmūs Uksfūrd al-hadīth li-dārisī al-lughah al-Inkilīzīyah.
| Language: | English |
|---|---|
| Published: |
Oxford:
Oxford University Press,
2006.
|
| Edition: | 2nd ed.. |
| Subjects: |
| LEADER | 00566cam a2200157 7i4500 | ||
|---|---|---|---|
| 001 | 0000062192 | ||
| 005 | 20091125090000.0 | ||
| 008 | 090913s2006 enka 0 eng | ||
| 020 | # | # | |a 9780194317122 |
| 090 | 0 | 0 | |a PJ 6640 |b .O9 2006 |
| 245 | 0 | 0 | |a Oxford Wordpower Dictionary : Qāmūs Uksfūrd al-hadīth li-dārisī al-lughah al-Inkilīzīyah. |
| 250 | # | # | |a 2nd ed.. |
| 260 | # | # | |a Oxford: |b Oxford University Press, |c 2006. |
| 300 | # | # | |a xii, 916 p.; |c 22 cm.. |
| 650 | 0 | 0 | |a English language -- |x Dictionaries -- |x Arabic |
| 999 | |a 1100066803 |b Book |c Rujukan |e KOLEKSI RUJUKAN | ||


